000
00258 a2200109 4500
001
8688
082
_a
621.3196 DOR
090
_c
7003
_d
7003
100
_a
Dorf R.C
245
_a
Introduction to electric circuits
260
_a
USA
_b
John Wilay & sons
_c
1989
942
_a
NUST-CAE
_k
621.3196 DOR
999
_c
243761
_d
243761